000 00298nam a2200133Ia 4500
005 20251222141806.0
008 251222s9999||||xx |||||||||||||| ||spa||
020 _a88-7234000-4
082 _a475.04/B45
100 _aBernardis, Silvana De
245 0 _aAetates:
264 _bOberon
942 _cLIB
999 _c6305
_d6305